| 000 | 01858nam a2200409 c 4500 | ||
|---|---|---|---|
| 003 | BLK | ||
| 005 | 20180420225340.0 | ||
| 008 | 180408b bul|||||r ||||||| ||bul|| | ||
| 010 | _aKNG00096443000 | ||
| 020 |
_a978-954-92013-4-5 _bиздат.: Енерджи принт |
||
| 040 | _aBLK | ||
| 041 |
_aBUL _cBUL |
||
| 072 | 7 |
_2bullib _aН93 _xКраезнание - отраслова литература Н |
|
| 080 |
_aПриродна среда и опасност от нарушаване на равновесието в нея(в цялост)-Фактори, влияещи на равновесието;опасност за природната среда от страна на селското стопанство и промишлеността (освен замърсяв _b502.5 _x(497.21-21)(093.3) _z502.5(497.21-21)(093.3) |
||
| 100 | 1 |
_aУзунов, Васил Кръстев _eпърви автор _9297961 |
|
| 139 |
_aУзунов, Васил Кръстев _bУ 33 |
||
| 245 | 1 | 0 |
_aГр. Златарица _bВодната стихия на 19 юни 1943 г. _cВасил Кръстев Узунов. |
| 257 | _aBGR | ||
| 260 |
_аСофия _bЕнерджи принт _c2009 _fСофия : Интербукс |
||
| 300 |
_a90 с. _bс ил., к., факс. _c21 см |
||
| 380 | _a5 | ||
| 500 | _aКор. загл. Златарица. | ||
| 650 | 4 |
_aНаводнения _9163156 |
|
| 651 | 4 |
_aЗлатарица _9178918 |
|
| 651 | 4 |
_aВеликотърновско _9178699 |
|
| 651 | 4 |
_aБългария _9241624 |
|
| 653 | _aнаводнения | ||
| 653 | _aспомени | ||
| 653 | _aЗлатарица | ||
| 653 | _aВеликотърновско | ||
| 659 | _aН | ||
| 852 | _aЦб 248343 | ||
| 856 | 4 |
_qpdf _u |
|
| 856 | 4 |
_qpdf _u |
|
| 942 |
_cKNG _n0 |
||
| 944 |
_aCR _c28.06.2010 _lф / _kВаля_Йорданова |
||
| 944 |
_aED _c07.10.2010 _lф / _k |
||
| 999 |
_c91683 _d91683 |
||